Journal of financial intermediation (Record no. 38406)

MARC details
000 -LEADER
fixed length control field 00609nam a2200157Ia 4500
022 ## - INTERNATIONAL STANDARD SERIAL NUMBER
ISSN 10429573
050 ## - CALL MARK
Classification number HG 4515.2 .J68/
245 #0 - TITLE STATEMENT
Title Journal of financial intermediation
260 ## - PUBLICATION, DISTRIBUTION, ETC. (IMPRINT)
Name of publisher San Diego: Academic Press
260 ## - PUBLICATION, DISTRIBUTION, ETC. (IMPRINT)
Year of publication 2006
300 ## - PHYSICAL DESCRIPTION
Number of Pages v. 149 p. ; 24 cm.
650 ## - SUBJECT ADDED ENTRY--TOPICAL TERM
Topical Term Investments--Management--Mathematical models--Periodicals. Securities--Management--Mathematical models--Periodicals. Risk management--Mathematical models--Periodicals. Intermediation (Finance)--Mathematical models--Periodicals.
942 ## - ADDED ENTRY ELEMENTS (KOHA)
Koha item type Serials

No items available.